01015nam a2200325Ia 450000500170000000800410001702000180005802000150007604100080009108200180009910000190011724500470013625000220018330000580020549000170026350000510028050000350033165000310036665000240039765000290042165000210045065000400047194200120051126400280052333600270055133700330057833800280061104000350063999900150067420220317001843.0170410s2011 c a g 000 0 s  a9789584227713 a9584227718 aspa04a641.555bO77c1 aOrtega, Inés10aCocina fácil para dummiescInés Ortega a1a. reimpresión a461 páginasbilustraciones en blanco y negroc24 cm aPara dummies aEn cubierta: íEl libro de cocina para todos! aIncluye apéndices e índice142LEMBaEconomía domestica142LEMBaGastronomía142LEMBaMenúvRecetarios142LEMBaRecetarios142LEMBaCocinavEnseñanza elemental 2ddccBK aBogotábPlanetac2011 atextobtxt2rdacontent asin mediaciónbn2rdamedia avolumenbnc2rdacarrier aCO-BoRNBPbspaerdacCO-BoRNBP c8311d8311